Un día con tu perro / (Record no. 187704)

MARC details
000 -CABECERA
campo de control de longitud fija 00611nam a2200205 u 4500
005 - FECHA Y HORA DE LA ÚLTIMA TRANSACCIÓN
campo de control 20240501063656.0
008 - ELEMENTOS DE LONGITUD FIJA--INFORMACIÓN GENERAL
campo de control de longitud fija 170126s2006 ea r 000 0 spa d
020 ## - NÚMERO INTERNACIONAL NORMALIZADO PARA LIBROS
Número Internacional Estándar del Libro 1404274634
035 ## - NÚMERO DE CONTROL DEL SISTEMA
Número de control de sistema UPN01000215604
049 ## - COLECCIÓN
Colección I
050 #4 - SIGNATURA TOPOGRÁFICA DE LA BIBLIOTECA DEL CONGRESO
Número de clasificación PZ78
Número de documento/Ítem L5.8
100 1# - ASIENTO PRINCIPAL--NOMBRE PERSONAL
Nombre de persona Lipschultz, Wes
9 (RLIN) 40186
245 13 - MENCIÓN DE TÍTULO
Título Un día con tu perro /
Mención de responsabilidad, etc. Wes Lipschultz ; tr. José María Obregón.
260 ## - PUBLICACIÓN, DISTRIBUCIÓN, ETC.
Lugar de publicación, distribución, etc. New York :
Nombre del editor, distribuidor, etc. Rosen,
Fecha de publicación, distribución, etc. 2006.
300 ## - DESCRIPCIÓN FÍSICA
Extensión 8 p. :
Otras características físicas il. col.
650 #4 - ASIENTO SECUNDARIO DE MATERIA - TERMINO TEMATICO
Término de materia o nombre geográfico como elemento de entrada Mascotas
Subdivisión de forma Literatura infantil
9 (RLIN) 21679
650 #4 - ASIENTO SECUNDARIO DE MATERIA - TERMINO TEMATICO
Término de materia o nombre geográfico como elemento de entrada ANIMALES DOMESTICOS -
Subdivisión de forma LITERATURA INFANTIL
9 (RLIN) 1347
905 ## - TIPO DE MATERIAL
Tipo de material Infantil
Holdings
Estado de retiro Estado de pérdida Fuente del sistema de clasificación o colocación Estado dañado No para préstamo Código de colección Localización permanente Ubicación/localización actual Ubicación en estantería Fecha de adquisición Clasificación Código de barras Fecha visto por última vez Número de copia Tipo de ítem Koha
    Library of Congress Classification     Infantil Bib. Gregorio Torres Quintero Bib. Gregorio Torres Quintero Sala infantil Planta baja 10/05/2023 PZ78 L5.8 315797 31/12/2020 1 Libro